The ten most populated cities in Sweden - Statistics

General Stats
  • This quiz has been taken 21 times
  • The average score is 4 of 10
Answers on the Map
Answers color-coded by a green-red scale on the quiz's map according to % correct below.
 
Answer Stats
Answer % Correct
Stockholm
100%
Malmö
90%
Göteborg
60%
Uppsala
60%
Jönköping
30%
Linköping
30%
Norrköping
20%
Örebro
20%
Helsingborg
10%
Västerås
10%
No matching quizzes found
Score Distribution
Percent of People with Each Score
Percentile by Number Answered
Your Score History
You have not taken this quiz